000 00425nam a2200145Ia 4500
008 231129s1995||||xx |||||||||||||| ||spa||
020 _a958-9172-13-X
040 _bspa
082 _a986.104 T596a
100 _aTirado Mejí­a Alvaro
245 0 _aAspectos sociales de las guerras civiles en Colombia
260 _c1995
264 _aMedellí­n Colombia : Seduca
942 _2ddc
_cBKS
999 _c5738
_d5738